<?xml version="1.0" encoding="UTF-8"?>
<record
    xmlns:xsi="http://www.w3.org/2001/XMLSchema-instance"
    xsi:schemaLocation="http://www.loc.gov/MARC21/slim http://www.loc.gov/standards/marcxml/schema/MARC21slim.xsd"
    xmlns="http://www.loc.gov/MARC21/slim">

  <leader>01925nam0a2200421   4500</leader>
  <controlfield tag="001">RU\NLR\bibl\1335837</controlfield>
  <controlfield tag="005">20260406162007.0</controlfield>
  <datafield tag="010" ind1=" " ind2=" ">
    <subfield code="a">978-5-98846-027-5</subfield>
    <subfield code="9">3000</subfield>
  </datafield>
  <datafield tag="021" ind1=" " ind2=" ">
    <subfield code="a">RU</subfield>
    <subfield code="b">2008-104219</subfield>
    <subfield code="9">6138</subfield>
  </datafield>
  <datafield tag="035" ind1=" " ind2=" ">
    <subfield code="a">(NLR Aleph) 001321036</subfield>
  </datafield>
  <datafield tag="090" ind1=" " ind2=" ">
    <subfield code="a">740043</subfield>
    <subfield code="c">740043</subfield>
  </datafield>
  <datafield tag="100" ind1=" " ind2=" ">
    <subfield code="a">20090304d2008    |||y0rusy50      ca</subfield>
  </datafield>
  <datafield tag="101" ind1="1" ind2=" ">
    <subfield code="a">rus</subfield>
    <subfield code="c">grc</subfield>
  </datafield>
  <datafield tag="102" ind1=" " ind2=" ">
    <subfield code="a">RU</subfield>
  </datafield>
  <datafield tag="105" ind1=" " ind2=" ">
    <subfield code="a">y   |||||||||</subfield>
  </datafield>
  <datafield tag="200" ind1="1" ind2=" ">
    <subfield code="a">&#x41A;&#x43E;&#x43C;&#x43C;&#x435;&#x43D;&#x442;&#x430;&#x440;&#x438;&#x439; &#x43A; "&#x41F;&#x430;&#x440;&#x43C;&#x435;&#x43D;&#x438;&#x434;&#x443;" &#x41F;&#x43B;&#x430;&#x442;&#x43E;&#x43D;&#x430;</subfield>
    <subfield code="f">&#x414;&#x430;&#x43C;&#x430;&#x441;&#x43A;&#x438;&#x439;</subfield>
    <subfield code="g">&#x438;&#x437;&#x434;. &#x43F;&#x43E;&#x434;&#x433;&#x43E;&#x442;., [&#x43F;&#x435;&#x440;. &#x441; &#x434;&#x440;&#x435;&#x432;&#x43D;&#x435;&#x433;&#x440;&#x435;&#x447;.] &#x41B;.&#x42E;. &#x41B;&#x443;&#x43A;&#x43E;&#x43C;&#x441;&#x43A;&#x438;&#x439;</subfield>
  </datafield>
  <datafield tag="210" ind1=" " ind2=" ">
    <subfield code="a">&#x421;&#x430;&#x43D;&#x43A;&#x442;-&#x41F;&#x435;&#x442;&#x435;&#x440;&#x431;&#x443;&#x440;&#x433;</subfield>
    <subfield code="c">&#x41C;i&#x440;&#x44A;</subfield>
    <subfield code="d">2008</subfield>
  </datafield>
  <datafield tag="215" ind1=" " ind2=" ">
    <subfield code="a">749 &#x441;.</subfield>
    <subfield code="d">22</subfield>
  </datafield>
  <datafield tag="300" ind1=" " ind2=" ">
    <subfield code="a">&#x41F;&#x430;&#x440;&#x430;&#x43B;. &#x442;&#x438;&#x442;. &#x43B;. &#x43D;&#x430; &#x433;&#x440;&#x435;&#x447;. &#x44F;&#x437;.</subfield>
  </datafield>
  <datafield tag="320" ind1=" " ind2=" ">
    <subfield code="a">&#x423;&#x43A;&#x430;&#x437;. &#x441;&#x43E;&#x431;&#x441;&#x442;&#x432;. &#x438;&#x43C;&#x435;&#x43D;: &#x441;. 683-685</subfield>
  </datafield>
  <datafield tag="320" ind1=" " ind2=" ">
    <subfield code="a">&#x423;&#x43A;&#x430;&#x437;. &#x446;&#x438;&#x442;&#x438;&#x440;&#x443;&#x435;&#x43C;&#x44B;&#x445; &#x43F;&#x440;&#x43E;&#x438;&#x437;&#x432;&#x435;&#x434;&#x435;&#x43D;&#x438;&#x439;: 686-698</subfield>
  </datafield>
  <datafield tag="320" ind1=" " ind2=" ">
    <subfield code="a">&#x41F;&#x440;&#x435;&#x434;&#x43C;. &#x443;&#x43A;&#x430;&#x437;.: &#x441;. 699-713</subfield>
  </datafield>
  <datafield tag="320" ind1=" " ind2=" ">
    <subfield code="a">&#x411;&#x438;&#x431;&#x43B;&#x438;&#x43E;&#x433;&#x440;.: &#x441;. 714-718</subfield>
  </datafield>
  <datafield tag="500" ind1="1" ind2="0">
    <subfield code="6">z45702</subfield>
    <subfield code="a">&#x41F;&#x430;&#x440;&#x43C;&#x435;&#x43D;&#x438;&#x434;</subfield>
  </datafield>
  <datafield tag="600" ind1=" " ind2="0">
    <subfield code="a">&#x41F;&#x43B;&#x430;&#x442;&#x43E;&#x43D;</subfield>
    <subfield code="f">427 - 347 &#x434;&#x43E; &#x43D;.&#x44D;.</subfield>
    <subfield code="x">&#x424;&#x438;&#x43B;&#x43E;&#x441;&#x43E;&#x444;&#x441;&#x43A;&#x438;&#x435; &#x432;&#x437;&#x433;&#x43B;&#x44F;&#x434;&#x44B;</subfield>
    <subfield code="9">2137865</subfield>
    <subfield code="3">RU\NLR\auth\661288907</subfield>
  </datafield>
  <datafield tag="604" ind1=" " ind2=" ">
    <subfield code="1">700#0$a&#x41F;&#x43B;&#x430;&#x442;&#x43E;&#x43D;$f427 - 347 &#x434;&#x43E; &#x43D;.&#x44D;.</subfield>
    <subfield code="1">50010$a"&#x41F;&#x430;&#x440;&#x43C;&#x435;&#x43D;&#x438;&#x434;"$2nlr_sh2$3RU\NLR\AUTH\661517411</subfield>
    <subfield code="a">&#x41F;&#x43B;&#x430;&#x442;&#x43E;&#x43D; (427 - 347 &#x434;&#x43E; &#x43D;.&#x44D;.)</subfield>
    <subfield code="t">"&#x41F;&#x430;&#x440;&#x43C;&#x435;&#x43D;&#x438;&#x434;"</subfield>
    <subfield code="9">2565597</subfield>
    <subfield code="3">RU\NLR\AUTH\661517411</subfield>
  </datafield>
  <datafield tag="606" ind1="1" ind2=" ">
    <subfield code="a">&#x424;&#x438;&#x43B;&#x43E;&#x441;&#x43E;&#x444;&#x438;&#x44F; &#x433;&#x440;&#x435;&#x447;&#x435;&#x441;&#x43A;&#x430;&#x44F;</subfield>
    <subfield code="z">6 &#x432;.</subfield>
    <subfield code="9">2565032</subfield>
    <subfield code="3">RU\NLR\auth\661517098</subfield>
  </datafield>
  <datafield tag="686" ind1=" " ind2=" ">
    <subfield code="a">&#x42E;3(0)321-215</subfield>
  </datafield>
  <datafield tag="686" ind1=" " ind2=" ">
    <subfield code="a">&#x42E;3(0)323-245</subfield>
  </datafield>
  <datafield tag="686" ind1=" " ind2=" ">
    <subfield code="a">&#x428;5(0)333-4&#x41F;&#x43B;&#x430;&#x442;&#x43E;&#x43D;</subfield>
  </datafield>
  <datafield tag="700" ind1=" " ind2="0">
    <subfield code="4">070</subfield>
    <subfield code="8">rus</subfield>
    <subfield code="7">ca</subfield>
    <subfield code="a">&#x414;&#x430;&#x43C;&#x430;&#x441;&#x43A;&#x438;&#x439;</subfield>
    <subfield code="f">&#x43E;&#x43A;.458-&#x43E;&#x43A;.538</subfield>
    <subfield code="3">RU\NLR\AUTH\7710396</subfield>
    <subfield code="9">120173</subfield>
  </datafield>
  <datafield tag="702" ind1=" " ind2="0">
    <subfield code="4">570</subfield>
    <subfield code="8">rus</subfield>
    <subfield code="7">ca</subfield>
    <subfield code="a">&#x41F;&#x43B;&#x430;&#x442;&#x43E;&#x43D;</subfield>
    <subfield code="f">427-347 &#x434;&#x43E; &#x43D;.&#x44D;.</subfield>
    <subfield code="3">RU\NLR\auth\779049</subfield>
    <subfield code="9">118917</subfield>
  </datafield>
  <datafield tag="702" ind1=" " ind2="1">
    <subfield code="a">&#x41B;&#x443;&#x43A;&#x43E;&#x43C;&#x441;&#x43A;&#x438;&#x439;</subfield>
    <subfield code="b">&#x41B;. &#x42E;.</subfield>
    <subfield code="g">&#x41B;&#x435;&#x43E;&#x43D;&#x438;&#x434; &#x42E;&#x440;&#x44C;&#x435;&#x432;&#x438;&#x447;</subfield>
    <subfield code="4">730</subfield>
  </datafield>
  <datafield tag="801" ind1=" " ind2="0">
    <subfield code="a">RU</subfield>
    <subfield code="b">NLR</subfield>
    <subfield code="c">20090304</subfield>
    <subfield code="g">RCR</subfield>
  </datafield>
  <datafield tag="801" ind1=" " ind2="1">
    <subfield code="a">RU</subfield>
    <subfield code="b">NLR</subfield>
    <subfield code="c">20090304</subfield>
  </datafield>
  <datafield tag="942" ind1=" " ind2=" ">
    <subfield code="c">BOOK</subfield>
  </datafield>
  <datafield tag="980" ind1=" " ind2=" ">
    <subfield code="a">NB</subfield>
  </datafield>
  <datafield tag="995" ind1=" " ind2=" ">
    <subfield code="5">2009-03-04</subfield>
    <subfield code="a">ad</subfield>
    <subfield code="b">NLR01</subfield>
    <subfield code="c">NLR01</subfield>
    <subfield code="e">RF9</subfield>
    <subfield code="f">1-1498133</subfield>
    <subfield code="k">2009-5/1644</subfield>
    <subfield code="o">0</subfield>
    <subfield code="r">BOOK</subfield>
    <subfield code="s">200951644_</subfield>
  </datafield>
  <datafield tag="995" ind1=" " ind2=" ">
    <subfield code="5">2009-03-04</subfield>
    <subfield code="a">ad</subfield>
    <subfield code="b">NLR01</subfield>
    <subfield code="c">NLR01</subfield>
    <subfield code="e">RF9</subfield>
    <subfield code="f">2863645</subfield>
    <subfield code="k">2009-5/1644</subfield>
    <subfield code="o">0</subfield>
    <subfield code="r">BOOK</subfield>
    <subfield code="s">200951644_</subfield>
  </datafield>
  <datafield tag="995" ind1=" " ind2=" ">
    <subfield code="5">2009-12-09</subfield>
    <subfield code="a">aa</subfield>
    <subfield code="b">NLR01</subfield>
    <subfield code="c">NLR01</subfield>
    <subfield code="e">OZ1</subfield>
    <subfield code="f">1-238781</subfield>
    <subfield code="k">&#x421;1 &#x42E;3(0)321/&#x41F;-375-&#x414;</subfield>
    <subfield code="o">0</subfield>
    <subfield code="p">693.00</subfield>
    <subfield code="r">BOOK</subfield>
    <subfield code="s">1_30321375</subfield>
  </datafield>
</record>
